00463 2200181 4500001002100000005001500021035002000036245004000056100001800096250001000114300003600124260004000160082000800200084001400208020001900222504002000241990002000261INLIS00000000000532520260204091944 a0010-02260000051 aLewat Tengah Malam /cSweta Kartika0 aSweta Kartika aCet 2 a219 hlm, :bilus ;c13 x 20 cm. aJakarta; :bKompas Gramedia,c2023. a813 a813 SWE l a978623030466-8 aTentang Penulis a16245/P/BL/2026